书目信息 |
| 题名: |
农用柴油机手读本
|
|
| 作者: | ;河南省农林局革委会 编 | |
| 分册: | ||
| 出版信息: | 郑州 农业出版社 1978 |
|
| 页数: | 196页 | |
| 开本: | 19cm | |
| 丛书名: | ||
| 单 册: | ||
| 中图分类: | S219.031 | |
| 科图分类: | ||
| 主题词: | 农业机械-柴油机 , 柴油机-农业机械 | |
| 电子资源: | ||
| ISBN: | ||
| 000 | 00659nam0 2200229 45 | |
| 001 | 0178002368 | |
| 005 | 20060727105247.20 | |
| 010 | @dCNY0.40 | |
| 091 | @a15144.537 | |
| 100 | @a19950802d1978 em y0chiy0121 ea | |
| 101 | 0 | @achi |
| 102 | @aCN@b410000 | |
| 105 | @ay z 000yy | |
| 200 | 10 | @a农用柴油机手读本@Anong yong chai you ji shou du ben@f河南省革命委员会农林局编 |
| 210 | @a郑州@c农业出版社@d1978 | |
| 215 | @a196页@d19cm | |
| 606 | @a农业机械-柴油机 | |
| 606 | @a柴油机-农业机械 | |
| 690 | @aS219.031@v3 | |
| 711 | 02 | @a河南省农林局革委会@Ahe nan sheng nong lin ju ge wei hui@4编 |
| 801 | 0 | @aCN@bTSSF@c20060727 |
| 905 | @a10447@dS219.031@e24 | |
| 农用柴油机手读本/河南省革命委员会农林局编.-郑州:农业出版社,1978 |
| 196页;19cm |
| ISBN :CNY0.40 |
| ● |
| 相关链接 |
|
|
|
|
正题名:农用柴油机手读本
索取号:S219.031/24
 
预约/预借
| 序号 | 登录号 | 条形码 | 馆藏地/架位号 | 状态 | 备注 |
| 1 | 0438509 | 204385094 | 密集书库/ [索取号:S219.031/24] | 在馆 | |
| 2 | 0438748 | 204387485 | 密集书库/ [索取号:S219.031/24] | 在馆 |